| 000 | 01083nam0a22002891 4500 | ||
|---|---|---|---|
| 001 | rc\4164632 | ||
| 005 | 20250611114625.0 | ||
| 021 |
_aRU _b[51-25045] |
||
| 035 | _a(NLR Aleph) 008178785 | ||
| 090 |
_a7901794 _c7901794 |
||
| 100 | _a20130415d19501951|||y0rusy50 ca | ||
| 101 | 0 | _arus | |
| 102 | _aRU | ||
| 105 | _aa z ||||| | ||
| 200 | 1 |
_aФотография _fПод ред. лауреата Сталинской премии чл.-кор. Акад. наук СССР К.В. Чибисова |
|
| 210 |
_aМосква _cВоен. изд-во _d1950 [вып. дан.: 1951] |
||
| 215 |
_a72 с., 2 л. ил. _cил. _d20 |
||
| 225 | 1 | _aНаучно-популярная библиотека солдата | |
| 300 | _aПеред загл. авт.: проф. К.В. Чмутов | ||
| 606 |
_aФотография _2psbo |
||
| 700 | 1 |
_aЧмутов _bК.В. _f1902-1979 _gКонстантин Васильевич |
|
| 702 | 1 |
_aЧибисов _bК.В. _4340 |
|
| 801 | 0 |
_aRU _bNLR _gpsbo |
|
| 801 | 1 |
_aRU _bELAR _2rusmarc |
|
| 852 |
_aNLR _jТ76 Г-4/131 |
||
| 942 | _cBOOK | ||
| 980 | _aNB | ||